002900000a220007300045001000021000002450121000213000051001427730023001931 aGutimanco, G. D.10aRacismo en la Biblia : Un acercamiento bíblico-exegético a la segregación racial de los pueblos indoamericanos aVol. 11, Num. 1 (Junio, 1991), Páginas 19-250 tVida y pensamiento